Las vías urbanas (Record no. 177623)

MARC details
000 -LEADER
campo de control de longitud fija 00818nam a22002415i 4500
001 - NÚMERO DE CONTROL
campo de control 177623
003 - IDENTIFICADOR DE NÚMERO DE CONTROL
campo de control ES-MaACL
005 - FECHA Y HORA DE LA ÚLTIMA TRANSACCIÓN
campo de control 20230906220357.0
008 - DATOS DE LONGITUD FIJA--INFORMACIÓN GENERAL
campo de control de longitud fija 110406s1973 sp |||| | spa d
020 ## - NÚMERO INTERNACIONAL ESTÁNDAR DEL LIBRO
Número Internacional Estándar del Libro 84-7111-064-4
080 ## - NÚMERO DE LA CLASIFICACIÓN DECIMAL UNIVERSAL
Número de la Clasificación Decimal Universal 349.44(460)
080 ## - NÚMERO DE LA CLASIFICACIÓN DECIMAL UNIVERSAL
Número de la Clasificación Decimal Universal 711.73(460)
100 1# - ENTRADA PRINCIPAL--NOMBRE DE PERSONA
Nombre de persona Escribano Collado, Pedro.
9 (RLIN) 47635
245 14 - MENCIÓN DEL TÍTULO
Título Las vías urbanas
Resto del título : concepto y régimen de uso /
Mención de responsabilidad, etc. por Pedro Escribano Collado.
260 ## - PUBLICACIÓN, DISTRIBUCIÓN, ETC.
Lugar de publicación, distribución, etc. Madrid :
Nombre del editor, distribuidor, etc. Montecorvo,
Fecha de publicación, distribución, etc. 1973.
300 ## - DESCRIPCIÓN FÍSICA
Extensión 555 p. ;
Dimensiones 25 cm.
490 1# - MENCIÓN DE SERIE
Mención de serie Monografías. Colección de estudios jurídicos ;
Designación de volumen o secuencia 43
650 ## - PUNTO DE ACCESO ADICIONAL DE MATERIA--TÉRMINO DE MATERIA
Término de materia o nombre geográfico como elemento de entrada Derecho urbanístico-
Subdivisión geográfica España.
9 (RLIN) 145987
650 #4 - PUNTO DE ACCESO ADICIONAL DE MATERIA--TÉRMINO DE MATERIA
Término de materia o nombre geográfico como elemento de entrada Calles-
Subdivisión geográfica España.
9 (RLIN) 146038
830 0# - PUNTO DE ACCESO ADICIONAL DE SERIE-TÍTULO UNIFORME
Título uniforme Monografías. Colección de estudios jurídicos ;
Designación de volumen o secuencia 43
9 (RLIN) 190484
852 ## - LOCALIZACIÓN
Ubicación ES-MaACL
Número de control de estantería E-14825
Encuadernación Olim P-860-bis
Holdings
Estatus retirado Estado de pérdida Estado de daño No para préstamo Biblioteca de origen Biblioteca actual Ubicación en estantería Fecha de adquisición Fuente de adquisición Total de préstamos Signatura topográfica completa Código de barras Visto por última vez Precio de reemplazo Tipo de ítem Koha
        Biblioteca del Ateneo de Madrid Biblioteca del Ateneo de Madrid Depósito 2 06/04/2011     E-14825 1186572 23/02/2023 23/02/2023 Libro impreso